000 00532nam a2200217Ia 4500
003 OSt
005 20220928144604.0
006 a|||||r|||| 00| 0
007 ta
008 220927b |||||||| |||| 00| 0 eng d
024 _a72288
037 _cTextual
040 _aSDCL
_cSDCL
_beng
041 _2eng
_aeng
082 _aV2y7N24, N8
100 _aDandavate Madhu
_9508584
245 0 _aQuest of conscience.
260 _c1998
942 _hV2y7N24, N8
_cTEXL
_2CC
999 _c828344
_d828344